Bibiometrická analýza skúmania online komunít v sektore cestovného ruchu

Poskytnutie aktuálneho prehľadu vedeckej literatúry a metód jej skúmania, týkajúcich sa online komunít v cestovnom ruchu.

Salvato in:
Dettagli Bibliografici
Autore principale: Zabudská, Eva
Altri autori: Pompurová, Kristína
Natura: Capitolo di libro
Lingua:slovacco
Soggetti:
Tags: Aggiungi Tag
Nessun Tag, puoi essere il primo ad aggiungerne!!

MARC

LEADER 00000naa a2200000 4500
001 0311832
005 20250808080639.0
041 0 |a slo 
044 |a SK 
245 1 0 |a Bibiometrická analýza skúmania online komunít v sektore cestovného ruchu  |c Eva Zabudská, Kristína Pompurová 
520 |a Poskytnutie aktuálneho prehľadu vedeckej literatúry a metód jej skúmania, týkajúcich sa online komunít v cestovnom ruchu. 
610 2 0 |a komunity 
610 2 0 |a internet 
610 2 0 |a ruch cestovný 
610 2 0 |a cestujúci 
610 2 0 |a správanie 
610 2 0 |a správanie spotrebiteľa 
610 2 0 |a rozhodovanie nákupné 
610 2 0 |a analýza bibliometrická 
100 1 |a Zabudská, Eva 
700 1 |a Pompurová, Kristína